The Mabinogion / (Record no. 264)

MARC details
000 -LEADER
fixed length control field 01589cam a2200385 a 4500
001 - CONTROL NUMBER
control field 15565910
005 - DATE AND TIME OF LATEST TRANSACTION
control field 20200421093825.0
008 - FIXED-LENGTH DATA ELEMENTS--GENERAL INFORMATION
fixed length control field 081223r20082007enkb b 001 0 eng d
010 ## - LIBRARY OF CONGRESS CONTROL NUMBER
LC control number 2008482148
015 ## - NATIONAL BIBLIOGRAPHY NUMBER
National bibliography number GBA806073
Source bnb
016 7# - NATIONAL BIBLIOGRAPHIC AGENCY CONTROL NUMBER
Record control number 014493002
Source Uk
020 ## - INTERNATIONAL STANDARD BOOK NUMBER
International Standard Book Number 9780199218783 (pbk.)
035 ## - SYSTEM CONTROL NUMBER
System control number (OCoLC)ocn180755480
040 ## - CATALOGING SOURCE
Original cataloging agency UKM
Transcribing agency UKM
Modifying agency BTCTA
-- BAKER
-- YDXCP
-- MBB
-- DLC
041 1# - LANGUAGE CODE
Language code of text/sound track or separate title eng
Language code of original wel
042 ## - AUTHENTICATION CODE
Authentication code lccopycat
043 ## - GEOGRAPHIC AREA CODE
Geographic area code e-uk-wl
050 00 - LIBRARY OF CONGRESS CALL NUMBER
Classification number PB2363.M2
Item number D38 2008
082 00 - DEWEY DECIMAL CLASSIFICATION NUMBER
Classification number 891.6/631
Edition information 22
130 0# - MAIN ENTRY--UNIFORM TITLE
Uniform title Mabinogion.
Language of a work English.
9 (RLIN) 508
245 14 - TITLE STATEMENT
Title The Mabinogion /
Statement of responsibility, etc. translated with an introduction and notes by Sioned Davies.
260 ## - PUBLICATION, DISTRIBUTION, ETC.
Place of publication, distribution, etc. Oxford ;
-- New York :
Name of publisher, distributor, etc. Oxford University Press,
Date of publication, distribution, etc. 2008.
300 ## - PHYSICAL DESCRIPTION
Extent xxxviii, 293 p. :
Other physical details map ;
Dimensions 20 cm.
440 #0 - SERIES STATEMENT/ADDED ENTRY--TITLE
Title Oxford world's classics
504 ## - BIBLIOGRAPHY, ETC. NOTE
Bibliography, etc. note Includes bibliographical references and indexes.
505 0# - FORMATTED CONTENTS NOTE
Formatted contents note The first branch of the Mabinogi -- The second branch of the Mabinogi -- The third branch of the Mabinogi -- The fourth branch of the Mabinogi -- Peredur son of Efrog -- The dream of the Emperor Maxen -- Lludd and Llefelys -- The lady of the well -- Geraint son of Erbin -- How Culhwch won Olwen -- Rhonabwy's dream.
546 ## - LANGUAGE NOTE
Language note Translated from the Welsh.
650 #0 - SUBJECT ADDED ENTRY--TOPICAL TERM
Topical term or geographic name entry element Welsh literature
Chronological subdivision 1100-1400
Form subdivision Translations into English.
9 (RLIN) 510
650 #0 - SUBJECT ADDED ENTRY--TOPICAL TERM
Topical term or geographic name entry element Mythology, Celtic
Geographic subdivision Wales.
9 (RLIN) 511
650 #0 - SUBJECT ADDED ENTRY--TOPICAL TERM
Topical term or geographic name entry element Tales
Geographic subdivision Wales.
9 (RLIN) 512
700 1# - ADDED ENTRY--PERSONAL NAME
Personal name Davies, Sioned.
9 (RLIN) 504
906 ## - LOCAL DATA ELEMENT F, LDF (RLIN)
a 7
b cbc
c copycat
d 2
e ncip
f 20
g y-gencatlg
942 ## - ADDED ENTRY ELEMENTS (KOHA)
Source of classification or shelving scheme Dewey Decimal Classification
Koha item type Books
Holdings
Withdrawn status Lost status Damaged status Not for loan Collection Home library Current library Shelving location Date acquired Barcode Date last seen Price effective from Koha item type
        Reference Centerville Centerville General stacks 09/04/2014 39999000011531 09/04/2014 09/04/2014 Books
        Reference Centerville Centerville General stacks 09/04/2014 39999000011579 09/04/2014 09/04/2014 Books
        Reference Fairview Fairview General stacks 09/04/2014 39999000011517 09/04/2014 09/04/2014 Books
        Reference Fairview Fairview General stacks 09/04/2014 39999000011555 09/04/2014 09/04/2014 Books